[Event "FIDE World Senior Team Championship 2020"]
[Site "Olympik hotel, Sokolovska 138,"]
[Date "2020.03.08"]
[Round "3.14"]
[White "Beltz, Robert"]
[Black "Janda, Zdenek"]
[Result "1/2-1/2"]
[WhiteElo "2158"]
[BlackElo "2065"]
[PlyCount "119"]
[EventDate "2020.03.06"]
[WhiteTeam "GER7"]
[BlackTeam "CZE3"]

1. d4 Nf6 2. c4 d6 3. Nc3 g6 4. g3 Bg7 5. Bg2 O-O 6. Nf3 c6 7. O-O Nbd7 8. e4
e5 9. Be3 Re8 10. d5 cxd5 11. cxd5 Nc5 12. Nd2 a5 13. Nc4 Rf8 14. a4 Ng4 15.
Bxc5 dxc5 16. h3 Nf6 17. Qb3 Ne8 18. Rad1 Ra6 19. Kh2 Kh8 20. f4 Nd6 21. Nxe5
Rb6 22. Nb5 Nxb5 23. axb5 Bd7 24. Nxd7 Qxd7 25. e5 Rxb5 26. Qa4 Qe8 27. Rf2 g5
28. d6 Rb4 29. Qxa5 b6 30. Qa3 gxf4 31. gxf4 Bh6 32. Rdf1 Qe6 33. Qd3 Rd4 34.
Qe2 f6 35. Qg4 Qxg4 36. hxg4 fxe5 37. g5 Bg7 38. f5 Rd8 39. Bc6 R4xd6 40. Bb5
Rd4 41. Kg3 Rb4 42. Bc6 Bf8 43. Ra1 Bd6 44. Kf3 Bb8 45. Be4 Rb3+ 46. Kg2 Re3
47. Bc2 e4 48. Ra3 Rxa3 49. bxa3 e3 50. Re2 Rd2 51. Kf3 Rxe2 52. Kxe2 Bf4 53.
g6 hxg6 54. fxg6 Kg7 55. Bd3 Kf6 56. Kf3 Bh6 57. a4 Ke5 58. g7 Bxg7 59. Kxe3
Kd5 60. Bb5 1/2-1/2

[Event "FIDE World Senior Team Championship 2020"]
[Site "Olympik hotel, Sokolovska 138,"]
[Date "2020.03.08"]
[Round "3.14"]
[White "Mlynek, Petr"]
[Black "Baumbach, Friedrich"]
[Result "1/2-1/2"]
[WhiteElo "2053"]
[BlackElo "2130"]
[PlyCount "55"]
[EventDate "2020.03.06"]
[WhiteTeam "CZE3"]
[BlackTeam "GER7"]

1. d4 d5 2. c4 e6 3. Nf3 Nf6 4. g3 Be7 5. Bg2 O-O 6. O-O dxc4 7. Qc2 a6 8. a4
Bd7 9. Qxc4 Bc6 10. Nc3 a5 11. Bg5 Nbd7 12. Rfd1 Nd5 13. Bxe7 Qxe7 14. e4 Nxc3
15. Qxc3 Bxe4 16. Qxc7 Rfc8 17. Qf4 Bd5 18. Ne5 Nb6 19. Rdc1 Bxg2 20. Kxg2 Nd5
21. Qd2 Qb4 22. Qxb4 Nxb4 23. Rc3 f6 24. Nd7 Rc6 25. Rxc6 bxc6 26. Nc5 Kf7 27.
Re1 Rd8 28. Rxe6 1/2-1/2

[Event "FIDE World Senior Team Championship 2020"]
[Site "Olympik hotel, Sokolovska 138,"]
[Date "2020.03.08"]
[Round "3.14"]
[White "Walther, Hans-Wolfgang"]
[Black "Fencl, Vaclav"]
[Result "1-0"]
[WhiteElo "2111"]
[BlackElo "1857"]
[PlyCount "119"]
[EventDate "2020.03.06"]
[WhiteTeam "GER7"]
[BlackTeam "CZE3"]

1. d4 Nf6 2. c4 c5 3. Nf3 g6 4. Nc3 cxd4 5. Nxd4 Bg7 6. e4 d6 7. Be2 O-O 8. O-O
Nc6 9. Nb3 Bd7 10. Be3 Qc8 11. Rc1 b6 12. h3 Qb7 13. f4 Rad8 14. Bf3 Qb8 15.
Qd2 Ne8 16. Qf2 Nc7 17. Rfd1 Nb4 18. a3 Nba6 19. Nd4 Ne6 20. Nd5 Rfe8 21. b4
Rc8 22. Qh4 f6 23. f5 Nxd4 24. Bxd4 Nc7 25. Ne3 g5 26. Qf2 Red8 27. Qa2 Be8 28.
a4 Bf7 29. Qe2 Be8 30. Ra1 Kf8 31. Rdb1 Bc6 32. Qd3 Qb7 33. b5 Be8 34. e5 Qb8
35. exf6 exf6 36. Qc3 Bf7 37. Bxf6 Ne8 38. Bxg7+ Nxg7 39. Qf6 Rc7 40. Re1 Qc8
41. g4 Re7 42. Qxg5 Re5 43. Qh6 Kg8 44. f6 Ne8 45. Bd5 Be6 46. Kg2 Qd7 47. g5
Qf7 48. Rad1 Nc7 49. Bf3 Qg6 50. Qxg6+ hxg6 51. h4 Rc5 52. Rd4 Kf7 53. Red1 Ne8
54. Bc6 Rc8 55. Kf2 Rc7 56. Nd5 R7xc6 57. bxc6 Rxc6 58. Re1 Rc5 59. Rde4 Ra5
60. Rxe6 1-0

[Event "FIDE World Senior Team Championship 2020"]
[Site "Olympik hotel, Sokolovska 138,"]
[Date "2020.03.08"]
[Round "3.15"]
[White "Beilfuss, Wilfried"]
[Black "Patola, Eero"]
[Result "1-0"]
[WhiteElo "2205"]
[BlackElo "1809"]
[PlyCount "97"]
[EventDate "2020.03.06"]
[WhiteTeam "GER9"]
[BlackTeam "FIN3"]

1. Nf3 f5 2. d3 Nf6 3. e4 fxe4 4. dxe4 d6 5. e5 dxe5 6. Qxd8+ Kxd8 7. Nxe5 Ke8
8. Bc4 e6 9. O-O Bd6 10. Re1 Bxe5 11. Rxe5 Kf7 12. Nc3 Nc6 13. Re1 a6 14. Bf4
Na5 15. Be2 Ne8 16. Rad1 Nc6 17. Bf3 Ne7 18. Ne4 h6 19. Nc5 c6 20. c4 Rf8 21.
Nd7 Bxd7 22. Rxd7 Kg8 23. Be5 Ng6 24. Rxb7 Nxe5 25. Rxe5 Nd6 26. Rd7 Nxc4 27.
Rxe6 Rae8 28. Rxe8 Rxe8 29. Kf1 Ne5 30. Rc7 Nxf3 31. gxf3 Re6 32. b4 Kh7 33. f4
Rf6 34. a3 a5 35. bxa5 Rf5 36. a6 Ra5 37. Rxc6 Rxa3 38. Ke2 h5 39. h4 Ra2+ 40.
Ke3 Ra4 41. f3 Ra3+ 42. Ke4 Ra4+ 43. Ke5 Ra3 44. Kd6 Kg6 45. Kc7+ Kf5 46. Kb7
Kxf4 47. a7 Rxa7+ 48. Kxa7 g5 49. Rc4+ 1-0

[Event "FIDE World Senior Team Championship 2020"]
[Site "Olympik hotel, Sokolovska 138,"]
[Date "2020.03.08"]
[Round "3.15"]
[White "Virtanen, Esko"]
[Black "Becker, Norbert"]
[Result "1/2-1/2"]
[WhiteElo "1723"]
[BlackElo "2107"]
[PlyCount "48"]
[EventDate "2020.03.06"]
[WhiteTeam "FIN3"]
[BlackTeam "GER9"]

1. Nf3 d5 2. d4 Bf5 3. c4 dxc4 4. Qa4+ c6 5. Qxc4 e6 6. Nc3 Nf6 7. Bg5 Qa5 8.
Bxf6 gxf6 9. e3 Nd7 10. Qa4 Qxa4 11. Nxa4 O-O-O 12. Nc3 Bg4 13. Be2 Be7 14. O-O
f5 15. Nd2 Rhg8 16. Bxg4 Rxg4 17. Kh1 h5 18. f4 Nf6 19. Nf3 Rg7 20. Rae1 Bb4
21. Re2 Rh8 22. a3 Bxc3 23. bxc3 Ne4 24. Rc1 f6 1/2-1/2

[Event "FIDE World Senior Team Championship 2020"]
[Site "Olympik hotel, Sokolovska 138,"]
[Date "2020.03.08"]
[Round "3.15"]
[White "Mueller, Gerhard"]
[Black "Walta, Paivi"]
[Result "1-0"]
[WhiteElo "2095"]
[BlackElo "1681"]
[PlyCount "41"]
[EventDate "2020.03.06"]
[WhiteTeam "GER9"]
[BlackTeam "FIN3"]

1. d4 Nf6 2. Nc3 d5 3. Bg5 Nbd7 4. Nf3 g6 5. e3 Bg7 6. Bd3 O-O 7. O-O c5 8. Re1
a6 9. a4 c4 10. Bf1 h6 11. Bh4 Re8 12. e4 g5 13. Bg3 Nxe4 14. Nxe4 dxe4 15.
Rxe4 f5 16. Bxc4+ Kh8 17. Nxg5 Qb6 18. Re6 Qxb2 19. Rb1 Qc3 20. Rxh6+ Bxh6 21.
Qh5 1-0

[Event "FIDE World Senior Team Championship 2020"]
[Site "Olympik hotel, Sokolovska 138,"]
[Date "2020.03.08"]
[Round "3.15"]
[White "Ristoja, Aulikki"]
[Black "Thoele, Wolfgang"]
[Result "1/2-1/2"]
[WhiteElo "1564"]
[BlackElo "1875"]
[PlyCount "43"]
[EventDate "2020.03.06"]
[WhiteTeam "FIN3"]
[BlackTeam "GER9"]

1. d4 d5 2. Bf4 Nf6 3. e3 e6 4. Bd3 c5 5. c3 Bd7 6. a4 c4 7. Bc2 Bc6 8. Nd2 Bd6
9. Bxd6 Qxd6 10. Ngf3 O-O 11. O-O Nbd7 12. Qe2 a6 13. a5 Rfb8 14. h3 b5 15.
axb6 Rxb6 16. Ra2 Bb5 17. e4 dxe4 18. Nxe4 Qd5 19. Nxf6+ Nxf6 20. Ne5 Rc8 21.
f4 g6 22. g4 1/2-1/2

[Event "FIDE World Senior Team Championship 2020"]
[Site "Olympik hotel, Sokolovska 138,"]
[Date "2020.03.08"]
[Round "3.16"]
[White "Lagerborg, Krister"]
[Black "Franzen, Thomas"]
[Result "1-0"]
[WhiteElo "2144"]
[BlackElo "1987"]
[PlyCount "131"]
[EventDate "2020.03.06"]
[WhiteTeam "SWE5"]
[BlackTeam "SWE4"]

1. e4 e6 2. Qe2 c5 3. f4 Nc6 4. c3 d5 5. d3 Nge7 6. Nf3 Qb6 7. g3 Bd7 8. Bg2
O-O-O 9. O-O f6 10. Be3 d4 11. Bf2 e5 12. Na3 Be6 13. Rfc1 Kb8 14. cxd4 Nxd4
15. Bxd4 exd4 16. Nc4 Qa6 17. b3 Nc6 18. Qd2 Be7 19. Nb2 b5 20. e5 Nb4 21. exf6
gxf6 22. f5 Bf7 23. a4 Bxb3 24. axb5 Qxb5 25. Nc4 Bxc4 26. dxc4 Qd7 27. Nh4 Qc7
28. Qf2 Rd7 29. Qf3 Kc8 30. Rab1 Bd6 31. Rxb4 cxb4 32. c5 Be5 33. Qa8+ Qb8 34.
Qc6+ Kd8 35. Qa6 b3 36. Nf3 b2 37. Rb1 Qb3 38. Nxe5 Qe3+ 39. Kh1 Qxe5 40. c6
Rc7 41. Qa3 Re8 42. Qxb2 Ke7 43. Rd1 Kf8 44. Qa3+ Ree7 45. h4 Qe3 46. Rd3 Qf2
47. Qd6 Qe1+ 48. Kh2 Qe5 49. Rxd4 Qxd6 50. Rxd6 Kf7 51. Bd5+ Kg7 52. Be6 a5 53.
g4 h6 54. Kg3 a4 55. Kf4 Ra7 56. g5 a3 57. Bc4 hxg5+ 58. hxg5 fxg5+ 59. Kxg5
Kf8 60. f6 Re8 61. Ba2 Rea8 62. Kg6 Rc7 63. Rd1 Rxc6 64. Rh1 Rxf6+ 65. Kxf6
Ra6+ 66. Be6 1-0

[Event "FIDE World Senior Team Championship 2020"]
[Site "Olympik hotel, Sokolovska 138,"]
[Date "2020.03.08"]
[Round "3.16"]
[White "Isaxon, Alf"]
[Black "Olesen, Christer"]
[Result "1-0"]
[WhiteElo "1949"]
[BlackElo "1869"]
[PlyCount "95"]
[EventDate "2020.03.06"]
[WhiteTeam "SWE4"]
[BlackTeam "SWE5"]

1. e4 c6 2. d4 d5 3. exd5 cxd5 4. Bd3 Nc6 5. Nf3 Bg4 6. c3 e6 7. h3 Bh5 8. Bf4
Bd6 9. Bxd6 Qxd6 10. O-O Nf6 11. Nbd2 O-O 12. Qc2 Rac8 13. a3 a6 14. Rae1 Bg6
15. Qb1 b5 16. Ne5 Bxd3 17. Qxd3 Na5 18. b4 Nc4 19. Nexc4 bxc4 20. Qe3 Ra8 21.
a4 Rab8 22. f4 Qd7 23. a5 Qa4 24. Ra1 Qc2 25. Rac1 Qg6 26. Rf3 Kh8 27. Rg3 Qh6
28. Re1 Nh5 29. Rf3 Nf6 30. Qe5 Qg6 31. f5 Qh6 32. Ree3 Rbe8 33. Qd6 exf5 34.
Rxe8 Rxe8 35. Nf1 Re6 36. Qf8+ Ng8 37. Rxf5 Rf6 38. Rxf6 Qxf6 39. Ng3 Qf4 40.
Qxg7+ Kxg7 41. Nh5+ Kf8 42. Nxf4 Ne7 43. Kf2 Ke8 44. Kf3 Kd7 45. Kg4 Kc6 46.
Kg5 Ng8 47. Kf5 Kd6 48. g4 1-0

[Event "FIDE World Senior Team Championship 2020"]
[Site "Olympik hotel, Sokolovska 138,"]
[Date "2020.03.08"]
[Round "3.16"]
[White "Svensson, Soren"]
[Black "Johansson, Bjorn"]
[Result "1-0"]
[WhiteElo "1868"]
[BlackElo "1949"]
[PlyCount "119"]
[EventDate "2020.03.06"]
[WhiteTeam "SWE5"]
[BlackTeam "SWE4"]

1. d4 g6 2. c4 Bg7 3. Nc3 d6 4. e4 Nd7 5. Be2 e5 6. Nf3 Ngf6 7. O-O O-O 8. dxe5
dxe5 9. Qc2 c6 10. h3 Qc7 11. Be3 Re8 12. b4 Nf8 13. Rfd1 Nh5 14. c5 Nf4 15.
Bf1 h6 16. a4 g5 17. Rd2 N8g6 18. b5 g4 19. hxg4 Bxg4 20. Nh2 Be6 21. Rad1 Kh7
22. Ne2 Nxe2+ 23. Bxe2 Nf4 24. Bc4 Rad8 25. g3 Rxd2 26. Rxd2 Bxc4 27. Qxc4 Ne6
28. Nf3 Rd8 29. b6 axb6 30. cxb6 Qe7 31. a5 Ra8 32. Ra2 Ra6 33. Kg2 Qd8 34. Nh4
Bf6 35. Nf5 Bg5 36. Bxg5 hxg5 37. Qe2 Ng7 38. Ra1 Nxf5 39. exf5 Qd5+ 40. Qf3
Kg7 41. Qxd5 cxd5 42. Kf3 Kf6 43. Kg4 Ra8 44. a6 bxa6 45. b7 Rb8 46. Rxa6+ Ke7
47. Rb6 f6 48. Kf3 Kd8 49. Rxf6 Rxb7 50. Rg6 Rb3+ 51. Kg4 Kd7 52. Rg7+ Kd6 53.
Rg6+ Kc5 54. f6 e4 55. Rxg5 Kd6 56. Rf5 Rb8 57. f7 Rf8 58. Kf4 Ke7 59. g4 Rxf7
60. Rxf7+ 1-0

[Event "FIDE World Senior Team Championship 2020"]
[Site "Olympik hotel, Sokolovska 138,"]
[Date "2020.03.08"]
[Round "3.16"]
[White "Johansson, Bertil"]
[Black "Andersson, Erik 1955"]
[Result "1/2-1/2"]
[WhiteElo "1876"]
[BlackElo "1607"]
[PlyCount "89"]
[EventDate "2020.03.06"]
[WhiteTeam "SWE4"]
[BlackTeam "SWE5"]

1. c4 c5 2. Nc3 e5 3. g3 g6 4. Bg2 Bg7 5. Nf3 Ne7 6. h4 h5 7. d3 d6 8. Bg5 f6
9. Bd2 Nbc6 10. Qc1 Rb8 11. O-O a6 12. a4 Nd4 13. Nxd4 cxd4 14. Nd5 Be6 15.
Nxe7 Qxe7 16. b4 O-O 17. b5 Rfc8 18. Qb2 Qd7 19. Rfc1 Bf8 20. b6 d5 21. cxd5
Bxd5 22. a5 Bxg2 23. Kxg2 Rxc1 24. Rxc1 Rc8 25. Rxc8 Qxc8 26. Qb3+ Kg7 27. Qd5
Qc6 28. Qxc6 bxc6 29. e3 dxe3 30. fxe3 Kf7 31. d4 e4 32. Kf1 Bd6 33. Be1 g5 34.
Ke2 Ke6 35. Kd1 Kd5 36. Kc2 g4 37. Kb3 c5 38. dxc5 Bxc5 39. Bd2 Bd6 40. Be1 f5
41. Kc3 Be5+ 42. Kb3 Bd6 43. b7 Be5 44. Kb4 Bd6+ 45. Kc3 1/2-1/2

[Event "FIDE World Senior Team Championship 2020"]
[Site "Olympik hotel, Sokolovska 138,"]
[Date "2020.03.08"]
[Round "3.17"]
[White "Jimenez Molina, Juan Leon"]
[Black "Juricek, Stanislav"]
[Result "1/2-1/2"]
[WhiteElo "2174"]
[BlackElo "2037"]
[PlyCount "50"]
[EventDate "2020.03.06"]
[WhiteTeam "CRC"]
[BlackTeam "CZE10"]

1. Nf3 Nf6 2. g3 g6 3. Bg2 Bg7 4. O-O O-O 5. d4 d6 6. b3 Nbd7 7. Bb2 e5 8. dxe5
Ng4 9. c4 dxe5 10. h3 Nh6 11. Qd2 Re8 12. e4 f6 13. Nc3 c6 14. Rad1 Nf7 15. Kh2
Qe7 16. Rfe1 Nf8 17. Qc1 Be6 18. Ba3 Qc7 19. Bf1 Bh6 20. Qb2 Rad8 21. Bc5 Nd7
22. Be3 Bxe3 23. Rxe3 Nf8 24. Red3 Rxd3 25. Rxd3 Rd8 1/2-1/2

[Event "FIDE World Senior Team Championship 2020"]
[Site "Olympik hotel, Sokolovska 138,"]
[Date "2020.03.08"]
[Round "3.17"]
[White "Martinak, Cyril"]
[Black "Piza Volio, Eduardo"]
[Result "0-1"]
[WhiteElo "1801"]
[BlackElo "2255"]
[PlyCount "78"]
[EventDate "2020.03.06"]
[WhiteTeam "CZE10"]
[BlackTeam "CRC"]

1. e4 e5 2. Nf3 Nc6 3. Bb5 a6 4. Ba4 Nf6 5. O-O Be7 6. Re1 b5 7. Bb3 d6 8. c3
Bg4 9. d3 O-O 10. Nbd2 Na5 11. Bc2 c5 12. Nf1 Re8 13. Ng3 Bf8 14. h3 Be6 15.
Ng5 d5 16. Nxe6 Rxe6 17. Bg5 h6 18. exd5 Qxd5 19. Bxf6 Rxf6 20. Ne4 Rg6 21. b4
cxb4 22. Qf3 Rd8 23. c4 Qe6 24. c5 Qd5 25. Kh1 Bxc5 26. Nxc5 Qxc5 27. Rac1 Rf6
28. d4 Rxf3 29. dxc5 Rxf2 30. Rxe5 Nc6 31. Re3 g6 32. Be4 Rc8 33. Rd1 Rxa2 34.
Rd6 Ra3 35. Re1 Ne7 36. Bb7 Rxc5 37. Rxe7 b3 38. Rf6 Rf5 39. Rxf5 gxf5 0-1

[Event "FIDE World Senior Team Championship 2020"]
[Site "Olympik hotel, Sokolovska 138,"]
[Date "2020.03.08"]
[Round "3.17"]
[White "Rovira Mas, Jorge"]
[Black "Novak, Josef"]
[Result "1-0"]
[WhiteElo "2196"]
[BlackElo "1831"]
[PlyCount "105"]
[EventDate "2020.03.06"]
[WhiteTeam "CRC"]
[BlackTeam "CZE10"]

1. Nf3 Nf6 2. b3 g6 3. Bb2 Bg7 4. g3 O-O 5. Bg2 e6 6. O-O d5 7. c4 c6 8. d3
Nbd7 9. Nbd2 a6 10. Qc2 b6 11. Bc3 Bb7 12. Rad1 Re8 13. d4 Qc7 14. e4 Nxe4 15.
Nxe4 dxe4 16. Qxe4 c5 17. Qe3 cxd4 18. Bxd4 Bxd4 19. Qxd4 Rad8 20. Qd6 Qc5 21.
Qf4 Bxf3 22. Qxf3 Ne5 23. Qf6 Rd4 24. h3 Red8 25. Qxd8+ Rxd8 26. Rxd8+ Kg7 27.
Rfd1 Qa3 28. R1d2 b5 29. cxb5 axb5 30. Rc2 Qa5 31. Ra8 Qe1+ 32. Kh2 Nd3 33. Ra7
Nb4 34. Rcc7 Qxf2 35. a4 bxa4 36. bxa4 Nd3 37. Rxf7+ Qxf7 38. Rxf7+ Kxf7 39. a5
Nc5 40. Bb7 Kf6 41. a6 Nxa6 42. Bxa6 Ke5 43. Kg2 h5 44. Kf3 g5 45. Ke3 Kf5 46.
Bd3+ Ke5 47. Be4 Kf6 48. Kd4 e5+ 49. Kd5 h4 50. g4 Kf7 51. Kxe5 Kg7 52. Kf5 Kh6
53. Bd5 1-0

[Event "FIDE World Senior Team Championship 2020"]
[Site "Olympik hotel, Sokolovska 138,"]
[Date "2020.03.08"]
[Round "3.17"]
[White "Vlachopulos, Elefteris"]
[Black "Araya Umana, Carlos"]
[Result "0-1"]
[WhiteElo "1709"]
[BlackElo "1914"]
[PlyCount "99"]
[EventDate "2020.03.06"]
[WhiteTeam "CZE10"]
[BlackTeam "CRC"]

1. d4 f5 2. g3 Nf6 3. Bg2 g6 4. c4 Bg7 5. Nc3 c6 6. Nf3 d6 7. Qb3 Na6 8. O-O
Ne4 9. e3 Nxc3 10. bxc3 O-O 11. c5+ d5 12. Bb2 Qc7 13. Rab1 e6 14. Ba1 Rb8 15.
Qa3 Qe7 16. Qa4 g5 17. Rfe1 g4 18. Nd2 Nc7 19. c4 a6 20. Qa5 h5 21. f4 Ne8 22.
Rb3 h4 23. Reb1 Ra8 24. a4 hxg3 25. hxg3 Kf7 26. Qb6 Bf6 27. a5 Rh8 28. Kf2 Kg6
29. cxd5 exd5 30. Rh1 Rxh1 31. Bxh1 Nc7 32. Qb4 Nb5 33. Rb1 Bd7 34. Bg2 Rh8 35.
Rh1 Rxh1 36. Bxh1 Qh7 37. Bg2 Bc8 38. Qb1 Bd8 39. Nb3 Qg8 40. Qe1 Bc7 41. Bb2
Qd8 42. Bc1 Qh8 43. Bd2 Na7 44. Qc1 Nb5 45. Qh1 Qd8 46. Bb4 Be6 47. Qb1 Bc8 48.
Qh1 Na7 49. Qb1 Be6 50. Qh1 {unreadable (98)} 0-1

[Event "FIDE World Senior Team Championship 2020"]
[Site "Olympik hotel, Sokolovska 138,"]
[Date "2020.03.08"]
[Round "3.18"]
[White "Klundt, Klaus"]
[Black "Galandauer, Jan"]
[Result "1-0"]
[WhiteElo "2299"]
[BlackElo "1949"]
[PlyCount "75"]
[EventDate "2020.03.06"]
[WhiteTeam "GER5"]
[BlackTeam "CZE7"]

1. e4 c5 2. Nf3 e6 3. d4 cxd4 4. Nxd4 a6 5. Bd3 Nf6 6. O-O Qc7 7. Qe2 d6 8. f4
Nbd7 9. c4 Be7 10. Nc3 O-O 11. Kh1 b6 12. Bd2 Bb7 13. Rae1 g6 14. e5 Ne8 15. f5
Nxe5 16. fxe6 f5 17. Bh6 Ng7 18. Nd5 Bxd5 19. cxd5 Qc5 20. Nf3 Ng4 21. Rc1 Qxd5
22. Bxg7 Kxg7 23. Rc7 Rfe8 24. Bxa6 Kf8 25. Bb7 Qxa2 26. h3 Nf6 27. Bxa8 Rxa8
28. Nd4 Nd5 29. Rd7 Rc8 30. Nxf5 gxf5 31. Qh5 Kg8 32. Qf7+ Kh8 33. Rxe7 Nxe7
34. Qf6+ Kg8 35. Qxe7 Qxb2 36. Qf7+ Kh8 37. e7 Rg8 38. Qxg8+ 1-0

[Event "FIDE World Senior Team Championship 2020"]
[Site "Olympik hotel, Sokolovska 138,"]
[Date "2020.03.08"]
[Round "3.18"]
[White "Fiser, Jiri"]
[Black "Kannenberg, Karl-Heinz"]
[Result "0-1"]
[WhiteElo "1937"]
[BlackElo "2118"]
[PlyCount "123"]
[EventDate "2020.03.06"]
[WhiteTeam "CZE7"]
[BlackTeam "GER5"]

1. e4 c6 2. d4 d5 3. f3 e6 4. Bf4 Qb6 5. b3 Nf6 6. e5 Nfd7 7. c3 c5 8. Ne2 Nc6
9. Be3 cxd4 10. cxd4 Ndxe5 11. Kf2 Ng6 12. h4 h5 13. Nbc3 Bd6 14. Rc1 Bd7 15.
g3 a6 16. Qd2 Ba3 17. Rd1 Rc8 18. Bh3 Bb4 19. Qb2 Qa5 20. Nb1 Bd6 21. a3 Qd8
22. Nbc3 Nce7 23. Rc1 Bc6 24. Rc2 O-O 25. b4 Nf5 26. Bxf5 exf5 27. Nf4 Nxf4 28.
Bxf4 Bxf4 29. gxf4 Qf6 30. Rd2 Qd6 31. Kg3 Rfe8 32. Re2 Qf6 33. Rxe8+ Rxe8 34.
Qd2 Qe7 35. Kf2 g6 36. Nd1 Bb5 37. Ne3 Bc4 38. Qc3 b5 39. Ng2 Qe2+ 40. Kg3 Qd3
41. Qxd3 Bxd3 42. Re1 Re6 43. Rd1 Bc4 44. Rc1 a5 45. bxa5 Ra6 46. Rc3 Rxa5 47.
Ne3 Kf8 48. Nc2 Ke7 49. Kf2 Kd6 50. Nb4 Ra8 51. Nc2 Ra7 52. Ne3 Kc6 53. Kg3 Kb6
54. Kf2 Ka5 55. Nc2 Re7 56. Ne3 Ka4 57. Ke1 Bb3 58. Kd2 Kxa3 59. Nxd5 Rd7 60.
Nf6 Rxd4+ 61. Ke3 Rd6 62. Nh7 0-1

[Event "FIDE World Senior Team Championship 2020"]
[Site "Olympik hotel, Sokolovska 138,"]
[Date "2020.03.08"]
[Round "3.18"]
[White "Krauseneck, Peter"]
[Black "Tejkal, Jiri"]
[Result "1/2-1/2"]
[WhiteElo "2126"]
[BlackElo "1875"]
[PlyCount "131"]
[EventDate "2020.03.06"]
[WhiteTeam "GER5"]
[BlackTeam "CZE7"]

1. e4 c6 2. d4 d5 3. e5 Bf5 4. Be3 e6 5. g4 Be4 6. f3 Bg6 7. h4 h5 8. g5 Ne7 9.
Ne2 Nd7 10. Nf4 Bf5 11. Nd3 Qc7 12. Nc3 a6 13. Qd2 Nc8 14. Ne2 c5 15. c3 Bxd3
16. Qxd3 g6 17. Bh3 Ne7 18. O-O Nf5 19. Bf2 Nb8 20. dxc5 Bxc5 21. Bxf5 gxf5 22.
f4 Bxf2+ 23. Rxf2 Nc6 24. b4 Ne7 25. Kh2 Rc8 26. a4 Qc4 27. Qxc4 Rxc4 28. Rf3
Kd7 29. a5 Rhc8 30. Rd1 Ng6 31. Kg3 Ne7 32. Rd4 Rxd4 33. Nxd4 Nc6 34. Nb3 Na7
35. Nd4 Rc4 36. Kf2 Nc6 37. Ne2 Ne7 38. Rd3 Ng6 39. Kg3 Re4 40. Rd2 Ke7 41. Rb2
Kd7 42. Rd2 Kc7 43. Rb2 Re3+ 44. Kf2 Rd3 45. Rb1 Rh3 46. b5 axb5 47. Rxb5 Nxh4
48. Rc5+ Kb8 49. Rb5 Ka7 50. Rc5 Rf3+ 51. Kg1 Ng6 52. Kg2 Re3 53. Kf2 Re4 54.
Kf3 Kb8 55. Rb5 Kc7 56. Rc5+ Kd7 57. Rb5 Kc6 58. Nd4+ Kc7 59. Rc5+ Kd7 60. Ne2
h4 61. Rb5 Kc7 62. Rb4 Kc6 63. Rb6+ Kc7 64. Rb4 Kc6 65. Rb6+ Kc7 66. Rb4
1/2-1/2

[Event "FIDE World Senior Team Championship 2020"]
[Site "Olympik hotel, Sokolovska 138,"]
[Date "2020.03.08"]
[Round "3.18"]
[White "Slechta, Karel"]
[Black "Seibold, Hubert"]
[Result "1/2-1/2"]
[WhiteElo "1860"]
[BlackElo "2123"]
[PlyCount "27"]
[EventDate "2020.03.06"]
[WhiteTeam "CZE7"]
[BlackTeam "GER5"]

1. e4 c5 2. Nf3 g6 3. d4 cxd4 4. Qxd4 Nf6 5. e5 Nc6 6. Qc3 Nd5 7. Qb3 Nc7 8.
Bc4 Ne6 9. Qe3 d5 10. exd6 Qxd6 11. Nc3 Bg7 12. O-O a6 13. Rd1 Qb4 14. Bd3
1/2-1/2

[Event "FIDE World Senior Team Championship 2020"]
[Site "Olympik hotel, Sokolovska 138,"]
[Date "2020.03.08"]
[Round "3.20"]
[White "White, Alastair F"]
[Black "Niebuhr, Gerd"]
[Result "1-0"]
[WhiteElo "2052"]
[BlackElo "1927"]
[PlyCount "51"]
[EventDate "2020.03.06"]
[WhiteTeam "SCO"]
[BlackTeam "GER11"]

1. e4 e5 2. Nc3 Nf6 3. a3 d5 4. exd5 Nxd5 5. Qh5 Nxc3 6. Qxe5+ Be7 7. Qxc3 O-O
8. d4 Bf6 9. Be3 Nc6 10. O-O-O Qd5 11. Nf3 b5 12. Qc5 Qxc5 13. dxc5 a6 14. Bf4
Bg4 15. Be2 Rfe8 16. Rhe1 Rac8 17. a4 Re4 18. axb5 Rxf4 19. bxc6 Ra4 20. c3 Bf5
21. Bd3 Be6 22. Nd4 Bd5 23. Be4 Bxe4 24. Rxe4 Rc4 25. Rde1 Kf8 26. Ne6+ 1-0

[Event "FIDE World Senior Team Championship 2020"]
[Site "Olympik hotel, Sokolovska 138,"]
[Date "2020.03.08"]
[Round "3.20"]
[White "Juergens, Peter"]
[Black "Scrimgour, Alan"]
[Result "1/2-1/2"]
[WhiteElo "1843"]
[BlackElo "2059"]
[PlyCount "23"]
[EventDate "2020.03.06"]
[WhiteTeam "GER11"]
[BlackTeam "SCO"]

1. d4 Nf6 2. Nf3 d6 3. Bf4 c5 4. e3 g6 5. c3 cxd4 6. exd4 Bg7 7. h3 O-O 8. Bd3
b6 9. O-O Bb7 10. Re1 Nbd7 11. Bh2 Bh6 12. Na3 1/2-1/2

[Event "FIDE World Senior Team Championship 2020"]
[Site "Olympik hotel, Sokolovska 138,"]
[Date "2020.03.08"]
[Round "3.20"]
[White "Levy, David N L"]
[Black "Hellwege, Werner"]
[Result "1-0"]
[WhiteElo "2310"]
[BlackElo "1825"]
[PlyCount "57"]
[EventDate "2020.03.06"]
[WhiteTeam "SCO"]
[BlackTeam "GER11"]

1. e4 c5 2. Nc3 Nc6 3. g3 g6 4. Bg2 Bg7 5. d3 Nf6 6. h3 d6 7. Nge2 O-O 8. Be3
e5 9. O-O Be6 10. Qd2 Nd4 11. f4 Nxe2+ 12. Nxe2 Qc8 13. Kh2 Nh5 14. c3 exf4 15.
Nxf4 Nxf4 16. Bxf4 Qd7 17. d4 cxd4 18. cxd4 Bc4 19. Rf2 f5 20. Qb4 Rfc8 21.
exf5 Qxf5 22. Bxb7 Bxd4 23. Bxc8 Rxc8 24. Be3 Qe5 25. Bxd4 Qxd4 26. Rd2 Qc5 27.
Qxc5 dxc5 28. Rc1 Bb5 29. Rd5 1-0

[Event "FIDE World Senior Team Championship 2020"]
[Site "Olympik hotel, Sokolovska 138,"]
[Date "2020.03.08"]
[Round "3.20"]
[White "Fritsch, Juergen"]
[Black "McKerracher, Douglas"]
[Result "0-1"]
[WhiteElo "1793"]
[BlackElo "1852"]
[PlyCount "116"]
[EventDate "2020.03.06"]
[WhiteTeam "GER11"]
[BlackTeam "SCO"]

1. e4 d5 2. exd5 Qxd5 3. Nf3 Bg4 4. Nc3 Qa5 5. Be2 Nc6 6. O-O Nf6 7. d3 e6 8.
Bd2 Bb4 9. a3 Bxc3 10. Bxc3 Qb6 11. h3 Bxf3 12. Bxf3 O-O-O 13. a4 Nd4 14. a5
Nxf3+ 15. Qxf3 Qc6 16. Qxc6 bxc6 17. Ra4 Rhg8 18. a6 Nd5 19. Bd2 Nb6 20. Rh4 h6
21. Ra1 Rd7 22. Kf1 e5 23. f3 f6 24. Rb4 c5 25. Rb5 c4 26. Ke2 Rgd8 27. Ra3
cxd3+ 28. Rxd3 Rxd3 29. cxd3 Kd7 30. Be3 c6 31. Rb3 Kc7 32. f4 Rd5 33. fxe5
fxe5 34. Ra3 Rb5 35. b3 Kb8 36. Bxb6 axb6 37. Ke3 Ka7 38. Ke4 g6 39. g4 Rd5 40.
b4 Rb5 41. Ra4 Rd5 42. h4 Rd4+ 43. Kxe5 Rxd3 44. g5 hxg5 45. hxg5 Rf3 46. Kd6
Rc3 47. Kc7 Rc4 48. Ra2 Rxb4 49. Kxc6 Rc4+ 50. Kd6 Rc5 51. Rg2 Kxa6 52. Rg4 Ka5
53. Ke6 b5 54. Kf6 Rc6+ 55. Kg7 b4 56. Rf4 b3 57. Rf6 Rc7+ 58. Kxg6 b2 0-1

[Event "FIDE World Senior Team Championship 2020"]
[Site "Olympik hotel, Sokolovska 138,"]
[Date "2020.03.08"]
[Round "3.21"]
[White "Ruzicka, Zdenek"]
[Black "Farrand, Julian T"]
[Result "1-0"]
[WhiteElo "2163"]
[BlackElo "1942"]
[PlyCount "28"]
[EventDate "2020.03.06"]
[WhiteTeam "CZE4"]
[BlackTeam "ENG2"]

1. d4 d6 2. c4 f5 3. Nc3 Nf6 4. Bg5 Nbd7 5. Qc2 g6 6. e4 fxe4 7. Nxe4 Nxe4 8.
Qxe4 Bg7 9. Nf3 Nf6 10. Qe3 O-O 11. Be2 c5 12. O-O cxd4 13. Qxd4 e5 14. Qd2 Ne4
1-0